[Event "Zonal tournament, zone 1B"]
[Site "Lyon"]
[Date "1990.04.??"]
[Round "1"]
[White "Winants, Luc"]
[Black "Mirallès, Gilles"]
[Result "1/2-1/2"]
[WhiteElo "2455"]
[WhiteTitle "IM"]
[BlackElo "2460"]
[BlackTitle "IM"]
[Source "ChessBase"]

1. d4 Nf6 2. Nf3 e6 3. e3 c5 4. c4 d5 5. cxd5 exd5 6. Nc3 Nc6 7. Be2 a6 8. O-O
Bd6 9. dxc5 Bxc5 10. b3 O-O 11. Bb2 Ba7 12. Rc1 Qd6 13. Rc2 Bf5 14. Rd2 Rfd8
15. Re1 Qf8 16. h3 Rac8 17. Bd3 Bxd3 18. Rxd3 Nb4 19. Rd2 Ne4 20. Nxe4 dxe4
21. Rxd8 Rxd8 22. Nd4 Nd3 23. Re2 Bb8 24. Qf1 Be5 25. Qb1 Rc8 26. Rc2 g6
27. Ba1 Rc5 28. a4 Qc8 29. Rxc5 Qxc5 30. Kf1 b5 31. axb5 axb5 32. f3 exf3
33. gxf3 Qc1+ 34. Qxc1 Nxc1 35. Bb2 Bxd4 36. Bxc1 Bc5 37. Ke2 f5 38. Kd3 Kf7
39. e4 Ke6 40. Bh6 Bb6 41. Bg7 Bc5 42. Bh6 Ke5 43. f4+ Ke6 44. Bg7 Bf2 45. Bc3
fxe4+ 1/2-1/2

[Event "Zonal tournament, zone 1B"]
[Site "Lyon"]
[Date "1990.04.??"]
[Round "2"]
[White "Koch, Jean-René"]
[Black "Winants, Luc"]
[Result "1/2-1/2"]
[WhiteElo "2405"]
[WhiteTitle "IM"]
[BlackElo "2455"]
[BlackTitle "IM"]
[Source "ChessBase"]

1. e4 e5 2. Nf3 Nc6 3. Bb5 Nf6 4. O-O Bc5 5. Nxe5 Nxe5 6. d4 c6 7. dxe5 Nxe4
8. Bd3 d5 9. exd6 Nf6 10. Nc3 Bxd6 11. Bg5 Be6 12. Qe2 Be7 13. Rfe1 O-O 14. Bc4
Bxc4 15. Qxc4 Re8 16. Re5 Nd7 17. Rxe7 Rxe7 18. Bxe7 1/2-1/2

[Event "Zonal tournament, zone 1B"]
[Site "Lyon"]
[Date "1990.04.??"]
[Round "4"]
[White "Meulders, Richard"]
[Black "Renet, Olivier"]
[Result "1/2-1/2"]
[WhiteElo "2320"]
[WhiteTitle "FM"]
[BlackElo "2520"]
[BlackTitle "IM"]
[Source "ChessBase"]

1. d4 Nf6 2. c4 e6 3. Nc3 Bb4 4. e3 O-O 5. Bd3 d5 6. Nf3 c5 7. O-O Nc6 8. a3
Bxc3 9. bxc3 Qc7 10. Qc2 Bd7 11. cxd5 exd5 12. c4 dxc4 13. Qxc4 Na5 14. Qxc5
Qxc5 15. dxc5 Nb3 16. Rb1 Nxc5 17. Bc2 Rfc8 18. Bb2 Nd5 19. Rfd1 Nb6 20. Bd4
Ba4 21. Bxa4 Ncxa4 22. Rb3 Rc2 23. g4 h6 24. Ne1 Rc4 25. Nd3 Rac8 26. Kg2 Rc2
27. Kf3 R8c7 28. Nb4 R2c4 29. h4 Rd7 30. Nd3 Rcc7 31. Ne5 Rd6 32. g5 hxg5
33. hxg5 Rc2 34. Rg1 Nc5 35. Rc3 Rxc3 36. Bxc3 Nbd7 37. Rc1 b6 38. Nxd7 Rxd7
39. Bb4 Nd3 40. Rc8+ Kh7 41. Bf8 Kg6 42. Ke2 f6 43. gxf6 gxf6 44. Rc3 Nb2
45. Rc2 Na4 46. Rc4 Kf7 47. Bb4 1/2-1/2

[Event "Zonal tournament, zone 1B"]
[Site "Lyon"]
[Date "1990.04.??"]
[Round "5"]
[White "Winants, Luc"]
[Black "Meulders, Richard"]
[Result "1-0"]
[WhiteElo "2455"]
[WhiteTitle "IM"]
[BlackElo "2320"]
[BlackTitle "FM"]
[Source "ChessBase"]

1. d4 d5 2. c4 dxc4 3. Nf3 Nf6 4. Nc3 Bf5 5. e3 c6 6. Bxc4 e6 7. O-O Nbd7
8. Qe2 Be7 9. e4 Bg4 10. Rd1 O-O 11. h3 Bxf3 12. Qxf3 Qa5 13. Be3 Qh5 14. Qxh5
Nxh5 15. f4 Nhf6 16. Kf2 Rfc8 17. Bb3 Bb4 18. Kf3 b5 19. g4 Nb6 20. Rac1 Rab8
21. Ne2 a5 22. a3 Bf8 23. Rd2 a4 24. Ba2 b4 25. axb4 Nbd7 26. g5 Ne8 27. h4
Rxb4 28. h5 g6 29. hxg6 hxg6 30. f5 exf5 31. exf5 gxf5 32. g6 Rb3 33. Nc3 Nd6
34. gxf7+ Nxf7 35. Bxb3 axb3 36. Rg2+ Bg7 37. Rcg1 Nde5+ 38. dxe5 Nxe5+ 39. Kf4
Ng4 40. Bc5 Kf7 1-0

[Event "Zonal tournament, zone 1B"]
[Site "Lyon"]
[Date "1990.04.??"]
[Round "6"]
[White "Meulders, Richard"]
[Black "Mirallès, Gilles"]
[Result "0-1"]
[WhiteElo "2320"]
[WhiteTitle "FM"]
[BlackElo "2460"]
[BlackTitle "IM"]
[Source "ChessBase"]

1. d4 Nf6 2. c4 g6 3. Nc3 d5 4. Nf3 Bg7 5. Qb3 dxc4 6. Qxc4 O-O 7. e4 Na6
8. Be2 c5 9. d5 e6 10. O-O exd5 11. exd5 Re8 12. Rd1 Qb6 13. Qb5 Bd7 14. Qxb6
axb6 15. Kf1 Nb4 16. a3 Ne4 17. Bd2 Nc2 18. Ra2 Nxd2+ 19. Rxd2 Nxa3 20. d6 Nb1
21. Rc2 Nxc3 22. Rxa8 Rxa8 23. bxc3 Ra1+ 24. Ne1 Ba4 0-1

[Event "Zonal tournament, zone 1B"]
[Site "Lyon"]
[Date "1990.04.??"]
[Round "6"]
[White "Renet, Olivier"]
[Black "Winants, Luc"]
[Result "0-1"]
[WhiteElo "2520"]
[WhiteTitle "IM"]
[BlackElo "2455"]
[BlackTitle "IM"]
[Source "ChessBase"]

1. e4 e5 2. Nf3 Nc6 3. Bb5 Nf6 4. O-O Bc5 5. Nxe5 Nxe5 6. d4 c6 7. dxe5 Nxe4
8. Bd3 d5 9. exd6 Nf6 10. Bg5 Bxd6 11. Nc3 Be6 12. Re1 Qc7 13. Bxf6 gxf6
14. Qh5 O-O-O 15. Ne4 Be5 16. Nc5 Qe7 17. Nxe6 fxe6 18. Rab1 Kb8 19. Re4 Bd4
20. Bc4 e5 21. Qf5 Bb6 22. Bd3 Rdg8 23. Rg4 Rxg4 24. Qxg4 Qf7 25. b3 Rg8
26. Qf3 Rd8 27. g3 Qg7 28. Re1 Rd4 29. Kh1 h6 30. Re2 a5 31. c3 Rd6 32. Be4 Qg5
33. Kg2 Ka7 34. Rc2 Qg7 35. a3 Qf7 36. Rb2 Qd7 37. Bf5 Qd8 38. Qe2 Qg8 39. b4
Qd5+ 40. Be4 Qd1 41. Kf3 Qh1+ 42. Kg4 Qxh2 43. Kf5 h5 44. Rd2 Qh3+ 0-1

[Event "Zonal tournament, zone 1B"]
[Site "Lyon"]
[Date "1990.04.??"]
[Round "7"]
[White "Winants, Luc"]
[Black "Stull, Norbert"]
[Result "1-0"]
[WhiteElo "2455"]
[WhiteTitle "IM"]
[BlackElo "2235"]
[Source "ChessBase"]

1. e4 Nf6 2. Nc3 d5 3. exd5 Nxd5 4. Bc4 Nb6 5. Bb3 Nc6 6. Nf3 Bf5 7. O-O e6
8. d3 Be7 9. Bd2 O-O 10. Ne4 Bg4 11. h3 Bh5 12. Ng3 Bg6 13. Qe2 Bf6 14. Rab1
Qd7 15. Ne4 Be7 16. Bf4 Rfd8 17. Rbd1 a5 18. a3 a4 19. Ba2 Nd5 20. Bh2 Re8
21. d4 Bd6 22. Ne5 Qe7 23. Nxd6 cxd6 24. Nxg6 hxg6 25. Rfe1 Qf6 26. c3 Nf4
27. Qf3 g5 28. h4 e5 29. hxg5 Qxg5 30. dxe5 dxe5 31. Rd7 Re7 32. Bxf4 exf4
33. Rexe7 Nxe7 34. Qxb7 Re8 35. Qe4 g6 36. Bc4 Kf8 37. Qd4 Rb8 38. Rxe7 1-0

[Event "Zonal tournament, zone 1B"]
[Site "Lyon"]
[Date "1990.04.??"]
[Round "8"]
[White "Piket, Jeroen"]
[Black "Winants, Luc"]
[Result "1/2-1/2"]
[WhiteElo "2495"]
[WhiteTitle "GM"]
[BlackElo "2455"]
[BlackTitle "IM"]
[Source "ChessBase"]

1. d4 e6 2. c4 f5 3. g3 Nf6 4. Bg2 c6 5. Nf3 d5 6. Qc2 Bd6 7. Bf4 Bxf4 8. gxf4
O-O 9. e3 b6 10. Nbd2 Bb7 11. O-O Qe7 12. Ne5 Nfd7 13. cxd5 exd5 14. Ndf3 Nxe5
15. Nxe5 Rf6 16. Kh1 Nd7 17. Rg1 Raf8 1/2-1/2

[Event "Zonal tournament, zone 1B"]
[Site "Lyon"]
[Date "1990.04.??"]
[Round "10"]
[White "Brenninkmeijer, Joris"]
[Black "Winants, Luc"]
[Result "1/2-1/2"]
[WhiteElo "2475"]
[WhiteTitle "IM"]
[BlackElo "2455"]
[BlackTitle "IM"]
[Source "ChessBase"]

1. d4 f5 2. g3 e6 3. Bg2 Nf6 4. c4 c6 5. Nd2 d5 6. Nh3 Bd6 7. Qc2 O-O 8. O-O
Nh5 9. Nf3 Nd7 10. Nf4 Nxf4 11. Bxf4 Bxf4 12. gxf4 Nf6 13. e3 Bd7 14. Kh1 Be8
15. Ne5 Ng4 16. Bf3 Nxe5 17. dxe5 Qh4 18. Qe2 1/2-1/2

[Event "Zonal tournament, zone 1B"]
[Site "Lyon"]
[Date "1990.04.??"]
[Round "10"]
[White "Piket, Jeroen"]
[Black "Meulders, Richard"]
[Result "1-0"]
[WhiteElo "2495"]
[WhiteTitle "GM"]
[BlackElo "2320"]
[BlackTitle "FM"]
[Source "ChessBase"]

1. d4 f5 2. g3 Nf6 3. Bg2 g6 4. c3 Bg7 5. Nh3 c6 6. Nd2 Na6 7. Nf4 d6 8. d5
cxd5 9. Nxd5 Nxd5 10. Bxd5 e6 11. Bg2 O-O 12. O-O Qc7 13. Nf3 Nc5 14. Bf4 e5
15. Be3 Kh8 16. Bxc5 dxc5 17. e4 Be6 18. Qc2 Rad8 19. Rad1 Bh6 20. h3 b6 21. c4
fxe4 22. Qxe4 Bg7 23. Qe2 b5 24. cxb5 Bxa2 25. Rxd8 Rxd8 26. Re1 Re8 27. Ng5 e4
28. b4 Bd5 29. bxc5 Qxc5 30. Nxe4 Qb4 31. Qd1 Bc4 32. Qb1 Qxb5 33. Nd6 Qxb1
34. Rxb1 Ba2 35. Rb7 Rd8 36. Rxa7 Rxd6 37. Rxa2 Rd1+ 38. Kh2 Bd4 39. Bf3 Kg7
1-0

[Event "Zonal tournament, zone 1B"]
[Site "Lyon"]
[Date "1990.04.??"]
[Round "11"]
[White "Brenninkmeijer, Joris"]
[Black "Meulders, Richard"]
[Result "1-0"]
[WhiteElo "2475"]
[WhiteTitle "IM"]
[BlackElo "2320"]
[BlackTitle "FM"]
[Source "ChessBase"]

1. d4 f5 2. g3 Nf6 3. Bg2 g6 4. Nf3 Bg7 5. O-O O-O 6. b3 d6 7. Bb2 Na6 8. Nbd2
c5 9. e3 Rb8 10. c4 Bd7 11. Ne1 Bc6 12. d5 Bd7 13. Nd3 b5 14. Bc3 Qe8 15. Qe2
e5 16. dxe6 Bxe6 17. Nf4 Bf7 18. cxb5 Qxb5 19. Qxb5 Rxb5 20. Nc4 Rd8 21. Rad1
d5 22. Bxf6 Bxf6 23. Bxd5 Rbb8 24. Bxf7+ Kxf7 25. Nd5 Nb4 26. Nxb4 cxb4 27. f3
h5 28. Kf2 Ke6 29. Ke2 Be5 30. Rxd8 Rxd8 31. Rd1 Rc8 32. f4 Bb8 33. Kf3 Bc7
34. e4 fxe4+ 35. Kxe4 Re8 36. Kf3 Rf8 37. Re1+ Kf6 38. Ne3 Rd8 39. Rc1 Bb6
40. Rc6+ Kg7 41. Nc4 Rd3+ 42. Ke2 Rc3 43. Ne5 Rxc6 44. Nxc6 Bc5 45. Kd3 Kf6
46. Ke4 Bg1 47. h3 Bf2 48. g4 hxg4 49. hxg4 Bc5 50. f5 gxf5+ 51. gxf5 a6
52. Nb8 1-0

[Event "Zonal tournament, zone 1B"]
[Site "Lyon"]
[Date "1990.04.??"]
[Round "11"]
[White "van der Wiel, John"]
[Black "Winants, Luc"]
[Result "1/2-1/2"]
[WhiteElo "2550"]
[WhiteTitle "GM"]
[BlackElo "2455"]
[BlackTitle "IM"]
[Source "ChessBase"]

1. e4 e5 2. Nf3 Nc6 3. Bb5 Nf6 4. O-O Bc5 5. c3 O-O 6. d4 Bb6 7. Bg5 h6 8. Bh4
d6 9. Bxc6 bxc6 10. Nbd2 Re8 11. Re1 Bg4 12. dxe5 dxe5 13. h3 Bh5 14. g4 Bg6
15. Qc2 Qd6 16. Rad1 Qe6 17. Qb3 Rad8 18. Qxe6 Rxe6 19. Nc4 Rxd1 20. Rxd1 Bxe4
21. Rd8+ Re8 22. Bxf6 Rxd8 23. Bxd8 Bxf3 24. Nxe5 Be4 25. Nd7 Bd5 26. b3 f6
27. Be7 Kf7 28. Ba3 Ke8 29. Nc5 Bxc5 30. Bxc5 a6 31. f4 g6 32. Kf2 Be4 33. Ke3
Bb1 34. Kd2 h5 35. gxh5 gxh5 36. Kc1 Bf5 37. h4 Kd7 38. Bd4 Ke7 39. c4 Be4
40. Kd2 f5 41. Kc3 Kd7 42. Be3 Bf3 43. Kb4 Kc8 44. Kc5 Kd7 1/2-1/2

[Event "Zonal tournament, zone 1B"]
[Site "Lyon"]
[Date "1990.04.??"]
[Round "12"]
[White "Meulders, Richard"]
[Black "Stull, Norbert"]
[Result "1-0"]
[WhiteElo "2320"]
[WhiteTitle "FM"]
[BlackElo "2235"]
[Source "ChessBase"]

1. d4 Nf6 2. c4 g6 3. Nc3 Bg7 4. e4 d6 5. Nf3 O-O 6. h3 c5 7. d5 Na6 8. Bd3
Nc7 9. O-O a6 10. Re1 e6 11. Bg5 h6 12. Be3 exd5 13. exd5 b5 14. Qd2 bxc4
15. Bxc4 Kh7 16. Bf4 Rb8 17. Rad1 Nb5 18. Na4 Qc7 19. Rc1 Bf5 20. Bxb5 Rxb5
21. Nd4 Ne4 22. Rxe4 Bxe4 23. Nxb5 axb5 24. Nxc5 Qxc5 25. Rxc5 dxc5 26. d6 Bf5
27. Be3 Rc8 28. a3 Be6 29. g4 f5 30. g5 h5 31. Bf4 c4 32. Qe3 Re8 33. Kh2 Bd7
34. Qa7 Bc6 35. Qc7 Bd5 36. d7 Re1 37. d8=Q Rh1+ 38. Kg3 h4+ 39. Kxh4 Bg2
40. Bh2 Re1 1-0

[Event "Zonal tournament, zone 1B"]
[Site "Lyon"]
[Date "1990.04.??"]
[Round "12"]
[White "Winants, Luc"]
[Black "van der Sterren, Paul"]
[Result "1/2-1/2"]
[WhiteElo "2455"]
[WhiteTitle "IM"]
[BlackElo "2515"]
[BlackTitle "GM"]
[Source "ChessBase"]

1. d4 Nf6 2. c4 e6 3. Nf3 d5 4. Nc3 Be7 5. Bg5 h6 6. Bh4 O-O 7. e3 b6 8. Bd3
Bb7 9. O-O Nbd7 10. Qe2 c5 11. Rfd1 Ne4 12. Bxe7 1/2-1/2